000 00144 a2200073 4500
020 _a0823911071
082 _aT 179.9 JOHN
245 _aResponsibility
999 _c787724
_d787723
942 _w300
_xThenjiwe Mabuza
_y300
_zThenjiwe Mabuza